Start the TV Show Title Quiz Stats

 Plays Quiz Updated Oct 4, 2014

Challenge
Share
Tweet
Embed
Score 0/30 Timer 06:00
0 Plays Today
Year Start of Title % Correct
1990Fresh Prince of
97.8%
2005How I Met
97.6%
1974Little House
93.6%
1989Saved By
93.4%
2005So You Think
90.7%
2007Are you Smarter Than
88.9%
2003America's Next
88.5%
2000Malcolm in
87.4%
1999Who Wants To Be
86.9%
1957Leave It
85%
1989America's Funniest
84.9%
1965Days of
84.5%
1972The Price
84%
1988Whose Line
82.3%
1965I Dream
80.8%
Year Start of Title % Correct
2007Keeping up with
80.2%
1970The Mary Tyler
75.2%
2005It's Always Sunny
69.6%
1969Monty Python's
69%
1994Touched By
65.1%
2007Wizards of
64.2%
2003Queer Eye for
64%
2006The New Adventures
63.6%
1993Dr. Quinn
63.2%
2005The Suite Life of
61.6%
2007Jon and Kate
61.4%
1999The Daily Show
57.9%
1999Ed, Edd
57.7%
2000Aqua Teen
43.8%
1988Mystery Science
41.5%

You're not logged in!

Compare scores with friends on all Sporcle quizzes.
Join for Free
OR
Log In

You Might Also Like...

Show Comments

Extras

Top Quizzes Today


Score Distribution

Your Account Isn't Verified!

In order to create a playlist on Sporcle, you need to verify the email address you used during registration. Go to your Sporcle Settings to finish the process.

Report this User

Report this user for behavior that violates our Community Guidelines.

Details: